|
|
|
|
| LEADER |
00000nab a2200000 a 4500 |
| 001 |
vtls000020952 |
| 003 |
SK-MaSNL |
| 005 |
20260304063411.0 |
| 008 |
250422c1979 xo 0 slo |
| 015 |
|
|
|a SNBRB19rr/mm-uuuuu
|
| 035 |
|
|
|a CL0031046
|
| 035 |
|
|
|a urn:nbn:sk:snk-ab2dbi
|
| 035 |
|
|
|a (urnnbn)urn:nbn:sk:snk:ar-a0272w
|
| 035 |
|
|
|a (uuid)00e3a06f-cf96-4ed7-9971-7d7a5a654c93
|
| 040 |
|
|
|a SNKBUCL
|b slo
|c SNKBUCL
|e AACR2
|
| 041 |
0 |
|
|a slo
|
| 044 |
|
|
|a xo
|c SK
|
| 080 |
|
|
|a 796.5
|2 1981
|
| 080 |
|
|
|a 797
|2 1981
|
| 080 |
|
|
|a 797.12
|2 2001
|
| 080 |
|
|
|a (517.3)
|2 2011
|
| 100 |
1 |
|
|a Mišík, Vladimír
|4 aut
|9 276644
|
| 245 |
1 |
0 |
|a Naši vodáci v Mongolsku
|c Vladimír Mišík
|
| 650 |
0 |
7 |
|a vodná turistika
|2 snkbucl
|9 29489
|
| 650 |
0 |
7 |
|a vodáctvo
|2 SNKPH
|9 3244
|
| 651 |
|
7 |
|a Mongolsko
|2 SNKPH
|9 21368
|
| 655 |
|
7 |
|a články z novín a časopisov
|2 snkbucl
|9 267496
|
| 773 |
0 |
|
|t Krásy Slovenska
|g Roč. 56, č. 2 (1979), s. 78-79
|
| 850 |
|
|
|a Slovenská národná knižnica
|
| 852 |
|
|
|a Slovenská národná knižnica
|
| 954 |
|
|
|a odborná, vedecká literatúra pôvodná (slovenská)
|2 lita
|
| 958 |
|
|
|a article27
|
| 958 |
|
|
|a OND
|
| 958 |
|
|
|a RK
|
| 958 |
|
|
|a EUIPO
|
| 992 |
|
|
|a RBX
|
| 999 |
|
|
|c 2742413
|d 2744343
|